Advances in transport processes. (Record no. 11941)

MARC details
000 -LEADER
fixed length control field 01496cam a2200349 ic4500
001 - CONTROL NUMBER
control field 11246435
003 - CONTROL NUMBER IDENTIFIER
control field EG-ScBUE
005 - DATE AND TIME OF LATEST TRANSACTION
control field 20250525083517.0
008 - FIXED-LENGTH DATA ELEMENTS--GENERAL INFORMATION
fixed length control field 800804t1984 nyua 1 f 0 1 a0eng d
035 ## - SYSTEM CONTROL NUMBER
System control number (OCoLC)ocm06584352
040 ## - CATALOGING SOURCE
Original cataloging agency EG-ScBUE
Language of cataloging eng
Description conventions rda
Transcribing agency EG-ScBUE
Modifying agency EG-ScBUE
082 04 - DEWEY DECIMAL CLASSIFICATION NUMBER
Classification number 531.1137
Edition number 22
Item number ADV
245 00 - TITLE STATEMENT
Title Advances in transport processes.
Number of part/section of a work volume 3 /
Statement of responsibility, etc editors Arun S. Mujumdar, Department of Chemical Engineering, McGill University, Montreal, Canada and R. A. Mashelkar, National Chemical Laboratory, Pune, India.
264 #1 - PUBLICATION, DISTRIBUTION, ETC. (IMPRINT)
Place of publication, distribution, etc New York :
Name of publisher, distributor, etc John Wiley & Sons,
Date of publication, distribution, etc [1984]
264 #4 - PUBLICATION, DISTRIBUTION, ETC. (IMPRINT)
Date of publication, distribution, etc c1984
300 ## - PHYSICAL DESCRIPTION
Extent 452 pages :
Other physical details illustrations ;
Dimensions 25 cm
336 ## - CONTENT TYPE
Source rdacontent
Content type term text
Content type code txt
337 ## - MEDIA TYPE
Media type term unmediated
Source rdamedia
Media type code n
338 ## - CARRIER TYPE
Carrier type term volume
Carrier type code nc
Source rdacarrier
500 ## - GENERAL NOTE
General note "A Halsted Press book."
500 ## - GENERAL NOTE
General note Includes index.
510 2# - CITATION/REFERENCES NOTE
Name of source Chemical abstracts
International Standard Serial Number 0009-2258
650 #7 - SUBJECT ADDED ENTRY--TOPICAL TERM
Topical term or geographic name as entry element Heat
General subdivision Transmission.
9 (RLIN) 6616
Source of heading or term BUEsh
650 #7 - SUBJECT ADDED ENTRY--TOPICAL TERM
Topical term or geographic name as entry element Mass transfer.
9 (RLIN) 6617
Source of heading or term BUEsh
650 #7 - SUBJECT ADDED ENTRY--TOPICAL TERM
Topical term or geographic name as entry element Momentum transfer.
9 (RLIN) 6618
Source of heading or term BUEsh
650 #7 - SUBJECT ADDED ENTRY--TOPICAL TERM
Topical term or geographic name as entry element Transport theory.
9 (RLIN) 6619
Source of heading or term BUEsh
655 ## - INDEX TERM--GENRE/FORM
Form subdivision Reading book
700 1# - ADDED ENTRY--PERSONAL NAME
Personal name Mujumdar, Arun S.,
Relator term editor.
700 1# - ADDED ENTRY--PERSONAL NAME
Personal name Mashelkar, R. A.,
Relator term editor.
942 ## - ADDED ENTRY ELEMENTS (KOHA)
Source of classification or shelving scheme Dewey Decimal Classification
Koha item type Book - Borrowing
Holdings
Withdrawn status Lost status Source of classification or shelving scheme Damaged status Not for loan Collection code Home library Current library Shelving location Date acquired Source of acquisition Cost, normal purchase price Total Checkouts Full call number Barcode Date last seen Price effective from Koha item type
    Dewey Decimal Classification     Alef-Baa Central Library Central Library First floor 22/06/2009   150.00   531.1137 ADV 000017045 15/07/2025 22/06/2009 Book - Borrowing